[Event "LAT-ch"]
[Site "Riga"]
[Date "2017.05.03"]
[Round "5"]
[White "Daudzvardis, Janis"]
[Black "Skuja, Aivars"]
[Result "0-1"]
[WhiteElo "2114"]
[BlackElo "2099"]
[PlyCount "97"]
[EventDate "2017.04.30"]
[EventType "swiss"]
[EventRounds "9"]
[EventCountry "LAT"]
[SourceTitle "CBM 178 Extra"]
[Source "ChessBase"]
[SourceDate "2017.06.22"]
[SourceVersion "1"]
[SourceVersionDate "2017.06.22"]
[SourceQuality "1"]

1. f4 d5 2. Nf3 g6 3. g3 Bg7 4. Bg2 Nc6 5. 0-0 Nf6 6. d3 0-0 7. Na3 Bg4 8. c4 Bxf3 9. Bxf3 Nd4 10. Bg2 c6 11. e3 Ne6 12. Qe2 Qd6 13. Nc2 Rfd8 14. cxd5 cxd5 15. Bd2 Qb6 16. Bc3 Ne8 17. d4 Nf6 18. Ne1 Nc7 19. a4 e6 20. g4 Ne4 21. Nd3 Ne8 22. Bxe4 dxe4 23. Nc5 Qc6 24. Qc2 Nd6 25. b4 b6 26. b5 Qd5 27. Na6 Rdc8 28. Rfc1 Rc4 29. Nb4 Qb7 30. Nc6 a6 31. Qb3 Bf8 32. Ne5 Rc7 33. Nc6 axb5 34. axb5 Nxb5 35. Qxb5 Rxc6 36. Rab1 Rac8 37. Bd2 Rxc1+ 38. Rxc1 Rxc1+ 39. Bxc1 Qc7 40. Qb1 b5 41. Bd2 Qc6 42. Kf2 b4 43. g5 Qd5 44. Ke1 b3 45. Qc1 Qb5 46. Bc3 Bb4 47. Kf2 Qc4 48. Qa1 Qxc3 49. Qa8+ 0-1

[Event "LAT-ch"]
[Site "Riga"]
[Date "2017.05.02"]
[Round "4"]
[White "Osis, Reinars"]
[Black "Daudzvardis, Janis"]
[Result "1-0"]
[WhiteElo "2161"]
[BlackElo "2114"]
[PlyCount "59"]
[EventDate "2017.04.30"]
[EventType "swiss"]
[EventRounds "9"]
[EventCountry "LAT"]
[SourceTitle "CBM 178 Extra"]
[Source "ChessBase"]
[SourceDate "2017.06.22"]
[SourceVersion "1"]
[SourceVersionDate "2017.06.22"]
[SourceQuality "1"]

1. d4 c5 2. e3 d5 3. c3 e6 4. Nd2 Nc6 5. Ngf3 Nf6 6. Bd3 Be7 7. 0-0 c4 8. Bc2 Rb8 9. e4 dxe4 10. Nxe4 b5 11. Bf4 Rb6 12. Nxf6+ Bxf6 13. Qe2 Ne7 14. Nd2 Bb7 15. a4 a6 16. axb5 axb5 17. Ne4 Bxe4 18. Qxe4 Nd5 19. Bd2 Be7 20. Qg4 0-0 21. Bh6 Bf6 22. Qe4 g6 23. Bxf8 Qxf8 24. Qf3 Kg7 25. Be4 Ne7 26. Ra8 Rb8 27. Rfa1 Qd8 28. Qg3 Rxa8 29. Rxa8 Qd7 30. Qb8 1-0

[Event "Vilnius Andriusaicio op rapid "]
[Site "Vilnius"]
[Date "2012.05.27"]
[Round "9"]
[White "Macionis, Zigmas"]
[Black "Daudzvardis, Janis"]
[Result "0-1"]
[WhiteElo "1878"]
[BlackElo "2165"]
[PlyCount "133"]
[EventDate "2012.05.26"]
[EventType "swiss (rapid)"]
[EventRounds "9"]
[EventCountry "LTU"]
[SourceTitle "CBM 148 Extra"]
[Source "ChessBase"]
[SourceDate "2012.06.22"]
[SourceVersion "1"]
[SourceVersionDate "2012.06.22"]
[SourceQuality "1"]

1. d4 c5 2. d5 e5 3. Nc3 d6 4. e4 Be7 5. Bb5+ Nd7 6. Qg4 g6 7. a4 a6 8. Bd3 h5 9. Qe2 Nh6 10. Nf3 Kf8 11. h3 Kg7 12. Be3 b6 13. Qd2 f6 14. Nh2 Nf7 15. 0-0-0 Nf8 16. g4 hxg4 17. hxg4 Nh7 18. f4 exf4 19. Bxf4 Nhg5 20. Qg2 Bd7 21. Nf3 b5 22. Nxg5 fxg5 23. Rxh8 Qxh8 24. Rh1 Qg8 25. Bg3 c4 26. Be2 Bf6 27. Qh2 Be5 28. Bxe5+ dxe5 29. Qf2 Qf8 30. Rf1 Qe7 31. Rh1 Qd6 32. Rf1 Rf8 33. a5 Nh6 34. Qe3 Rxf1+ 35. Bxf1 Nxg4 36. Qa7 Kh6 37. Qb6 Qf8 38. Be2 Bc8 39. d6 Nf6 40. Qc7 g4 41. Qc5 Nd7 42. Qe3+ g5 43. Bxg4 Qxd6 44. Qh3+ Kg7 45. Nd5 Qc5 46. Kb1 Qf2 47. c3 Qe1+ 48. Ka2 Qxe4 49. Ne7 Qd3 50. Nf5+ Kg8 51. Ne7+ Kf8 52. Nxc8 Qxh3 53. Bxh3 Nc5 54. Nd6 Ke7 55. Nf5+ Kf6 56. Ne3 e4 57. Kb1 Ke5 58. Kc2 Kf4 59. Nd5+ Kg3 60. Bf1 Kf2 61. Bh3 e3 62. Nxe3 Kxe3 63. Bc8 Kf3 64. Kd2 g4 65. Bf5 g3 66. Bh3 g2 67. Kc1 0-1

[Event "Vilnius Andriusaicio op rapid "]
[Site "Vilnius"]
[Date "2012.05.26"]
[Round "2"]
[White "Daudzvardis, Janis"]
[Black "Malisauskiene, Marina"]
[Result "1-0"]
[WhiteElo "2165"]
[BlackElo "2036"]
[PlyCount "61"]
[EventDate "2012.05.26"]
[EventType "swiss (rapid)"]
[EventRounds "9"]
[EventCountry "LTU"]
[SourceTitle "CBM 148 Extra"]
[Source "ChessBase"]
[SourceDate "2012.06.22"]
[SourceVersion "1"]
[SourceVersionDate "2012.06.22"]
[SourceQuality "1"]

1. f4 d5 2. Nf3 g6 3. g3 Bg7 4. Bg2 c5 5. 0-0 Nc6 6. d3 e5 7. fxe5 Nxe5 8. Nc3 Be6 9. Ng5 Ne7 10. Nxe6 fxe6 11. e4 d4 12. Ne2 N7c6 13. Bh3 Qd6 14. Bg5 Nf7 15. Bf6 0-0 16. Bxg7 Kxg7 17. Nf4 Nfd8 18. Qg4 e5 19. Nh5+ Kg8 20. Rxf8+ Qxf8 21. Rf1 Qe7 22. Nf6+ Kg7 23. Nd5 Qd6 24. Rf6 Qxf6 25. Nxf6 Kxf6 26. Qd7 h6 27. a3 Rb8 28. Qd6+ Kg7 29. Qxc5 b6 30. Qd6 Rb7 31. Bd7 1-0

[Event "LAT-ch"]
[Site "Riga"]
[Date "2012.05.01"]
[Round "4"]
[White "Krivonosov, Oleg"]
[Black "Daudzvardis, Janis"]
[Result "1-0"]
[WhiteElo "2449"]
[BlackElo "2152"]
[PlyCount "30"]
[EventDate "2012.04.29"]
[EventType "swiss"]
[EventRounds "9"]
[EventCountry "LAT"]
[SourceTitle "CBM 148 Extra"]
[Source "ChessBase"]
[SourceDate "2012.06.22"]
[SourceVersion "1"]
[SourceVersionDate "2012.06.22"]
[SourceQuality "1"]

1. Nf3 Nf6 2. c4 c5 3. Nc3 Nc6 4. d4 cxd4 5. Nxd4 g6 6. e4 Bg7 7. Be3 0-0 8. Be2 Nxd4 9. Bxd4 d6 10. 0-0 b6 11. Qd2 Bb7 12. f3 Nd7 13. Be3 Rc8 14. Rac1 f5 15. exf5 gxf5 1-0

[Event "Groningen op-A"]
[Site "Groningen"]
[Date "2008.12.30"]
[Round "9"]
[White "Hopman, Pieter"]
[Black "Daudzvardis, Janis"]
[Result "1-0"]
[WhiteElo "2319"]
[BlackElo "2196"]
[PlyCount "47"]
[EventDate "2008.12.21"]
[EventType "swiss"]
[EventRounds "9"]
[EventCountry "NED"]
[SourceTitle "CBM 127 Extra"]
[Source "ChessBase"]
[SourceDate "2009.01.08"]
[SourceVersion "2"]
[SourceVersionDate "2009.01.28"]
[SourceQuality "1"]

1. d4 c5 2. d5 e5 3. Nc3 d6 4. e4 Be7 5. f4 exf4 6. Bxf4 g5 7. Bg3 h5 8. Bb5+ Kf8 9. h3 Bf6 10. Nf3 g4 11. hxg4 hxg4 12. Rxh8 Bxh8 13. Nd2 Be5 14. Bxe5 dxe5 15. Nf1 a6 16. Be2 b5 17. Qd3 Qg5 18. Qe3 Qxe3 19. Nxe3 Nf6 20. 0-0-0 b4 21. Na4 Nxe4 22. Nb6 Bb7 23. Nxa8 Bxa8 24. Nxg4 1-0

[Event "Groningen op-A"]
[Site "Groningen"]
[Date "2008.12.29"]
[Round "8"]
[White "Daudzvardis, Janis"]
[Black "Admiraal, Miguoel"]
[Result "1/2-1/2"]
[WhiteElo "2196"]
[BlackElo "1953"]
[PlyCount "25"]
[EventDate "2008.12.21"]
[EventType "swiss"]
[EventRounds "9"]
[EventCountry "NED"]
[SourceTitle "CBM 127 Extra"]
[Source "ChessBase"]
[SourceDate "2009.01.08"]
[SourceVersion "2"]
[SourceVersionDate "2009.01.28"]
[SourceQuality "1"]

1. f4 c5 2. Nf3 g6 3. e4 Bg7 4. c4 Nc6 5. Nc3 e6 6. d3 Nge7 7. Be3 b6 8. d4 cxd4 9. Nxd4 0-0 10. Be2 Bb7 11. Rc1 d5 12. cxd5 exd5 13. e5 1/2-1/2

[Event "Biel MTO op 40th"]
[Site "Biel"]
[Date "2007.07.23"]
[Round "1"]
[White "Daudzvardis, Janis"]
[Black "Kritz, Leonid"]
[Result "0-1"]
[WhiteElo "2216"]
[BlackElo "2571"]
[PlyCount "57"]
[EventDate "2007.07.23"]
[EventType "swiss"]
[EventRounds "11"]
[EventCountry "SUI"]
[SourceTitle "CBM 119 Extra"]
[Source "ChessBase"]
[SourceDate "2007.09.04"]
[SourceVersion "1"]
[SourceVersionDate "2007.09.04"]
[SourceQuality "1"]

1. c4 e5 2. Nc3 Bb4 3. Qc2 Nc6 4. a3 Bxc3 5. Qxc3 Nf6 6. d3 d5 7. Bg5 d4 8. Qc2 h6 9. Bxf6 Qxf6 10. g3 a5 11. b3 0-0 12. Bg2 Bf5 13. f3 Qe6 14. h4 Qg6 15. g4 Bd7 16. h5 Qd6 17. Qd2 Qe7 18. Nh3 Nd8 19. e4 dxe3 20. Qxe3 Nc6 21. 0-0 Rae8 22. b4 Nd4 23. Rab1 axb4 24. axb4 f5 25. gxf5 Rxf5 26. f4 Rxh5 27. fxe5 Bxh3 28. Qxd4 Bxg2 29. Kxg2 0-1

[Event "Liepajas Rokade op"]
[Site "Liepaja"]
[Date "2005.08.12"]
[Round "7"]
[White "Neiksans, Arturs"]
[Black "Daudzvardis, Janis"]
[Result "1-0"]
[WhiteElo "2453"]
[BlackElo "2184"]
[PlyCount "33"]
[EventDate "2005.08.11"]
[EventType "swiss (rapid)"]
[EventRounds "11"]
[EventCountry "LAT"]
[SourceTitle "EXT 2018"]
[Source "ChessBase"]
[SourceDate "2017.10.13"]
[SourceVersion "1"]
[SourceVersionDate "2017.10.13"]
[SourceQuality "1"]

1. e4 c6 2. d4 d5 3. Nc3 dxe4 4. Nxe4 Nf6 5. Nxf6+ exf6 6. c3 Bd6 7. Bd3 0-0 8. Qc2 h6 9. Ne2 Re8 10. Be3 Nd7 11. 0-0-0 Nf8 12. c4 b5 13. Nc3 a6 14. c5 Bc7 15. Be4 Bb7 16. d5 Rxe4 17. dxc6 1-0

[Event "Biel MTO op"]
[Site "Biel"]
[Date "2005.07.25"]
[Round "7"]
[White "Rukavina, Josip"]
[Black "Daudzvardis, Janis"]
[Result "1-0"]
[WhiteElo "2419"]
[BlackElo "2184"]
[PlyCount "77"]
[EventDate "2005.07.18"]
[EventType "swiss"]
[EventRounds "11"]
[EventCountry "SUI"]
[SourceTitle "CBM 107 Extra"]
[Source "ChessBase"]
[SourceDate "2005.09.01"]
[SourceVersion "1"]
[SourceVersionDate "2005.09.01"]
[SourceQuality "1"]

1. Nf3 g6 2. d4 Bg7 3. e4 c6 4. h3 d6 5. a4 Qc7 6. Nc3 Nd7 7. Be3 Ngf6 8. Be2 0-0 9. 0-0 e5 10. dxe5 dxe5 11. Bc4 Nh5 12. Qd2 Nf4 13. a5 Nf6 14. Rfd1 Be6 15. Bxf4 exf4 16. Bxe6 fxe6 17. Qd6 Qxd6 18. Rxd6 e5 19. a6 b5 20. Rxc6 b4 21. Nb5 Nxe4 22. Re1 Nf6 23. Rxe5 Rf7 24. Rec5 Ne4 25. Rc8+ Rf8 26. Rxa8 Rxa8 27. Rc4 Rb8 28. Nxa7 Nd6 29. Rc7 Bxb2 30. Nc6 Ra8 31. Nxb4 Ne8 32. Rc6 Bf6 33. Nd5 Bd8 34. Kf1 g5 35. Ke2 h5 36. Nd4 Ng7 37. Kd3 g4 38. hxg4 hxg4 39. Nxf4 1-0